Statistics for Countries of the World with just enough Letters: 4 Minute Sprint

Click here to take the quiz!

General Stats

  • This quiz has been taken 4,185 times
  • The average score is 99 of 196

Answer Stats

Country% Correct
Oman
88%
UNITED States
74%
Yemen
74%
FRance
73%
AUSTRIa
72%
CHINa
72%
RUssia
72%
AUSTRAlia
71%
CANada
71%
BRAzil
70%
AFghanistan
68%
FINland
68%
GERmany
68%
INDIa
68%
ARGentina
67%
ALBania
66%
ANDorra
66%
IREland
66%
JAPan
66%
SWEden
66%
CHILe
65%
ICeland
65%
MExico
65%
SOUTH Korea
65%
UNITED Kingdom
65%
EStonia
64%
ITaly
64%
ALGeria
63%
UKraine
63%
BELGium
62%
INDOnesia
62%
KAzakhstan
62%
NORTh korea
62%
PORtugal
61%
SPain
61%
EGypt
60%
HAiti
60%
NORWay
60%
AZerbaijan
59%
CUba
59%
DENmark
59%
HOnduras
59%
ISrael
59%
SOUTH Africa
59%
TURKEy
59%
VEnezuela
59%
ARMenia
58%
COLombia
58%
IRAN
58%
IRAQ
58%
KYrgyzstan
58%
Qatar
58%
ZAmbia
58%
ZImbabwe
58%
GREEce
57%
BELArus
56%
ECuador
56%
JAMaica
56%
LATvia
56%
SWItzerland
56%
URuguay
56%
VIetnam
56%
BAHAmas
55%
ERitrea
55%
EThiopia
55%
HUngary
55%
PEru
55%
BELIze
54%
GUAtemala
54%
LIThuania
54%
POLand
54%
ROmania
54%
ANGola
53%
DOMINICA
53%
KOsovo
53%
NEW zealand
53%
UZbekistan
53%
VATican city
53%
ANTigua and barbuda
52%
BOLivia
52%
EL salvador
52%
FIJi
52%
LUxembourg
52%
PARaguay
52%
BAHRain
51%
CRoatia
51%
CZech republic
51%
GUYana
51%
JOrdan
51%
NETherlands
51%
PANama
51%
TURKMenistan
51%
BARbados
50%
BHutan
50%
CAMBodia
50%
SLOVEnia
50%
SOUTH Sudan
50%
BULgaria
49%
CHAd
49%
COSta rica
49%
KEnya
49%
KUwait
49%
SLOVAkia
49%
GHana
48%
PAKistan
48%
SUDan
48%
THailand
48%
BOSnia and herzegovina
47%
BRUnei
47%
CYprus
47%
DJibouti
47%
DOMINICAN republic
47%
GUINEA
47%
KIribati
47%
LIBYa
47%
LIEchtenstein
47%
MALAYsia
47%
MONAco
47%
NIGER
47%
TAJikistan
47%
UNITED Arab emirates
47%
LAOs
46%
MALI
46%
SAN marino
46%
SERbia
46%
NICaragua
45%
SURiname
45%
TRinidad and tobago
45%
BANgladesh
44%
EQuatorial guinea
44%
GRENada
44%
MONGolia
44%
PALau
44%
RWanda
44%
SAUdi arabia
44%
BENin
43%
CAMEroon
43%
MALTa
43%
MONTenegro
43%
MORocco
43%
NIGERIa
43%
PHilippines
43%
VANuatu
43%
GEOrgia
42%
LESotho
42%
MACedonia
42%
NEPal
42%
SAINT Kitts and nevis
42%
UGanda
42%
BOTswana
41%
BURUndi
41%
COMoros
41%
LEBanon
41%
SAINT Lucia
41%
SYria
41%
TOGo
41%
DEMocratic republic of the congo
40%
GUINEA-Bissau
40%
LIBEria
40%
MADagascar
40%
SAINT Vincent and the grenadines
40%
SRi lanka
40%
TUValu
40%
EAst timor
39%
GABon
39%
MALAWi
39%
MOLdova
39%
TAIwan
39%
TONga
39%
GAMbia
38%
MALDives
38%
MAURITAnia
38%
NAUru
38%
PAPua new guinea
38%
SAMoa
38%
SINgapore
38%
SOMalia
38%
CEntral african republic
37%
REpublic of the congo
37%
TUNisia
37%
MAURITIus
36%
NAMibia
36%
SWAziland
36%
BURKina faso
35%
MOZambique
35%
SÃO tomé and príncipe
35%
SENegal
34%
TANzania
34%
MARshall islands
33%
SEYchelles
33%
CAPe verde
32%
SOLomon islands
32%
BURMa
31%
CÔTe d'ivoire
29%
FEderated states of micronesia
29%
SIErra leone
28%

Score Distribution

Percentile by Number Answered

Percent of People with Each Score

Your Score History

You have not taken this quiz